<?xml version="1.0" encoding="UTF-8"?>
<record
    xmlns:xsi="http://www.w3.org/2001/XMLSchema-instance"
    xsi:schemaLocation="http://www.loc.gov/MARC21/slim http://www.loc.gov/standards/marcxml/schema/MARC21slim.xsd"
    xmlns="http://www.loc.gov/MARC21/slim">

  <leader>00432nam a2200133   4500</leader>
  <controlfield tag="008">759.986.6 N753r</controlfield>
  <datafield tag="082" ind1=" " ind2=" ">
    <subfield code="a">759.986.6</subfield>
    <subfield code="b">N753r</subfield>
  </datafield>
  <datafield tag="100" ind1=" " ind2=" ">
    <subfield code="a">Noboa, Roberto</subfield>
    <subfield code="9">6520</subfield>
  </datafield>
  <datafield tag="245" ind1=" " ind2=" ">
    <subfield code="a">Roberto Noboa</subfield>
  </datafield>
  <datafield tag="260" ind1=" " ind2=" ">
    <subfield code="a">Guayaquil, Ecuador</subfield>
    <subfield code="b">DPM Arte Contempor&#xE1;neo</subfield>
    <subfield code="c">2004</subfield>
  </datafield>
  <datafield tag="300" ind1=" " ind2=" ">
    <subfield code="a">68 p.</subfield>
    <subfield code="b">ill (col)</subfield>
    <subfield code="c">21.5 x 25 cm</subfield>
  </datafield>
  <datafield tag="650" ind1=" " ind2=" ">
    <subfield code="x">arte contempor&#xE1;neo</subfield>
    <subfield code="x">pintura</subfield>
    <subfield code="x">arte - exhibiciones</subfield>
    <subfield code="x">Ecuador</subfield>
    <subfield code="9">6521</subfield>
  </datafield>
  <datafield tag="700" ind1=" " ind2=" ">
    <subfield code="a">Kronfle, Rodolfo; Espinel, M&#xF3;nica</subfield>
    <subfield code="9">6522</subfield>
  </datafield>
  <datafield tag="999" ind1=" " ind2=" ">
    <subfield code="c">1549</subfield>
    <subfield code="d">1549</subfield>
  </datafield>
  <datafield tag="952" ind1=" " ind2=" ">
    <subfield code="0">0</subfield>
    <subfield code="1">0</subfield>
    <subfield code="2">ddc</subfield>
    <subfield code="4">0</subfield>
    <subfield code="7">0</subfield>
    <subfield code="a">LV</subfield>
    <subfield code="b">LV</subfield>
    <subfield code="c">Monograf&#xED;as</subfield>
    <subfield code="d">2018-07-14</subfield>
    <subfield code="l">0</subfield>
    <subfield code="o">759.986.6 N753r</subfield>
    <subfield code="p">002373</subfield>
    <subfield code="r">2018-07-14 00:00:00</subfield>
    <subfield code="w">2018-07-14</subfield>
    <subfield code="y">01</subfield>
  </datafield>
</record>
